| 000 -LEADER |
| fixed length control field |
00362pab a2200133 454500 |
| 008 - FIXED-LENGTH DATA ELEMENTS--GENERAL INFORMATION |
| fixed length control field |
180718b1986 xxu||||| |||| 00| 0 eng d |
| 100 ## - MAIN ENTRY--PERSONAL NAME |
| Personal name |
Kofuji, Yasuo |
| 245 ## - TITLE STATEMENT |
| Title |
Wealth effects and fiscal policy in the context of a flexible price level |
| 260 ## - PUBLICATION, DISTRIBUTION, ETC. |
| Date of publication, distribution, etc. |
1986 |
| 300 ## - PHYSICAL DESCRIPTION |
| Extent |
232-43 |
| 650 ## - SUBJECT ADDED ENTRY--TOPICAL TERM |
| Topical term or geographic name entry element |
Finance, Public - Policy |
| 773 ## - HOST ITEM ENTRY |
| Main entry heading |
Public Finance |
| 909 ## - |
| -- |
8513 |